| 000 | 01331cam a22003857a 4500 | ||
|---|---|---|---|
| 999 |
_c233227 _d233227 |
||
| 001 | 17078578 | ||
| 003 | Nust | ||
| 005 | 20170305160122.0 | ||
| 008 | 111003s2011 enk e 000 1 eng d | ||
| 010 | _a 2011535392 | ||
| 020 | _a9780007419500 (pbk.) | ||
| 035 | _a(OCoLC)ocn755702160 | ||
| 040 |
_aCDX _beng _cCDX _dOCLCQ _dGRR _dORX _dYDXCP _dDLC |
||
| 041 | 1 |
_aeng _hswe |
|
| 042 | _alccopycat | ||
| 050 | 0 | 0 |
_aPT9877.22.A34 _bT9713 2011 |
| 082 | 0 | 4 |
_a839.738 _bLAC |
| 100 | 1 |
_aLäckberg, Camilla, _d1974- |
|
| 240 | 1 | 0 |
_aTyskungen. _lEnglish |
| 245 | 1 | 4 |
_aThe hidden child / _cCamilla Lackberg ; translated by Tiina Nunnally. |
| 260 |
_aLondon : _bHarper, _c2011. |
||
| 300 |
_a506 p. ; _c20 cm. |
||
| 500 | _aTranslation of: Tyskungen. | ||
| 546 | _aTranslated from the Swedish. | ||
| 650 | 0 |
_aHedström, Patrik (Fictitious character) _vFiction. |
|
| 650 | 0 |
_aPolice _zSweden _vFiction. |
|
| 650 | 0 |
_aMurder _xInvestigation _vFiction. |
|
| 651 | 0 |
_aSweden _xSocial life and customs _vFiction. |
|
| 655 | 7 |
_aMystery fiction. _2gsafd |
|
| 700 | 1 |
_aNunnally, Tiina, _d1952- |
|
| 906 |
_a7 _bcbc _ccopycat _d2 _encip _f20 _gy-gencatlg |
||
| 942 |
_2ddc _cBK |
||